| 000 | 00768nam a2200217 i 4500 | ||
|---|---|---|---|
| 001 | 135475 | ||
| 003 | ES-MaACL | ||
| 005 | 20230906194906.0 | ||
| 007 | t| | ||
| 008 | 070718s1961 sp ||||1| spa d | ||
| 080 | _a914.622.1 | ||
| 100 | 1 |
_aToro, Luis de. _9110682 |
|
| 245 | 1 | 0 |
_aDescripción de la ciudad y Obispado de Plasencia / _cpor Luis de Toro ; prólogo de Pedro Laín Entralgo ; presentada y comentada por Marceliano Sayáns Castaños. |
| 260 |
_a[Plasencia : _bLa Victoria, _c1961] |
||
| 300 |
_aX, 61 p. : _bil. ; _c21 cm. |
||
| 651 | 4 |
_aPlasencia- _xDescripción. _99236 |
|
| 700 | 1 |
_aLaín Entralgo, Pedro, _d1908-2001 _969681 |
|
| 700 | 1 |
_aSayáns Castaños, Marceliano. _9104101 |
|
| 852 |
_aES-MaACL _jF-14078 _bR.48142 |
||
| 999 |
_c135475 _d135475 |
||